000 00335 a2200157 4500
001 170018
020 _a
040 _cMagnum
100 _aTibo, Alaide de Souza Melo
240 1 0 _aPreparando a alfabetizacao
_lpor
245 1 0 _aPreparando a alfabetizacao
362 0 _a1899
440 1 _aLemi
697 _aENSINO
942 _cBK
999 _c170018
_d170018